S Obranou v srdci 30 rokov rezortnej tlače

Bibliographic Details
Main Author: Žiak, Jozef (Author)
Format: Article
Language:Slovak
PhysicalDescription:Fotografie
ISSN:1336-1910
Subjects:
Online Access:https://www.mod.gov.sk/obrana-12023/

MARC

LEADER 00000nab a2200000 4500
001 vtls012196442
003 SK-MaSNL
005 20260303192013.0
008 230222 2023 xo 000 0 slo
015 |a SNBRB2023/01  |2 LMAOSK 
040 |a LMAOSK  |b slo  |c LMAOSK  |e rda 
041 0 |a slo 
043 |a e-xo--- 
044 |a xo  |c SK 
072 7 |a 355/359  |x Vojenstvo. Obrana krajiny. Ozbrojené sily  |2 konspekt 
072 7 |a 050  |x Seriálové publikácie. Periodiká  |2 konspekt 
080 |a (046)  |2 2011 
100 1 |a Žiak, Jozef  |4 aut  |9 11588 
245 1 0 |a S Obranou v srdci  |b 30 rokov rezortnej tlače  |c Jozef Žiak ; foto: Obrana 
300 |b Fotografie 
336 |a text  |b txt  |2 rdacontent 
337 |a bez média  |b n  |2 rdamedia 
338 |a zväzok  |b nc  |2 rdacarrier 
650 0 7 |a ozbrojené sily  |2 SNKPH  |9 1644 
650 0 7 |a seriálové publikácie  |2 SNKPH  |9 64058 
650 0 7 |a Obrana (periodikum)  |2 LMAOSK  |9 1222017 
650 0 7 |a rezortná tlač  |2 LMAOSK  |9 1222018 
655 7 |a články  |2 SNKPH  |9 70601 
773 0 |t Obrana  |g Roč. XXXI, č. 1 (2023), s. 32-35  |x 1336-1910 
852 |a LMAOSK  |b KIS3GCP 
856 4 1 |u https://www.mod.gov.sk/obrana-12023/ 
958 |a NB 
999 |c 2143996  |d 2145926